| 000 | 01021cam a22003137a 4500 | ||
|---|---|---|---|
| 003 | CHAP | ||
| 005 | 20220329134449.0 | ||
| 008 | 971013s1978 r 00010 d | ||
| 010 | _a20782 | ||
| 011 | _a21754 | ||
| 035 | _a25845 | ||
| 040 | _cCHAP | ||
| 090 | _aTesis | ||
| 100 | 0 | 0 |
_aCervantes Moreno, José Enrique. _921595 |
| 245 | 1 | 3 | _aUn modelo estocástico para el análisis estadístico de excedencia fluviales |
| 260 |
_aChapingo, Méx. : _bEl autor, _c1978 |
||
| 300 |
_a70 h. _b: gráfs. |
||
| 502 | _aTesis (M.C. Esp. en Estadística) -- ENA. Colegio de Postgraduados | ||
| 590 |
_aALEPH _b10 _c20130110 _lUCH01 _h1244 |
||
| 590 |
_aBATCH-UPD _b10 _c20130110 _lUCH01 _h1302 |
||
| 590 |
_aBATCH-UPD _b10 _c20130410 _lUCH01 _h0820 |
||
| 590 |
_aBATCH-UPD _b10 _c20130914 _lUCH01 _h1034 |
||
| 590 |
_aCONVERSION _b10 _c20130109 _lUCH01 _h1312 |
||
| 650 | 1 | 4 |
_aCorrientes de agua _xMedición. _928261 |
| 650 | 1 | 4 |
_aEstocástica. _938336 |
| 901 | _aBK | ||
| 942 | _cTESIS | ||
| 949 |
_bBC _cTES _d-59715 _eTS1 _i25845 _si |
||
| 999 |
_c20782 _d20782 |
||